00814cam a2200241 a 4500001000700000003000600007005001700013008004100030010001700071020001800088035002300106035003700129040004900166050002100215082002000236100003300256245006400289260003400353300001800387505011600405630001800521700003300539121427GBCCL20241126110429.0060626s2007 mau b 001 0 eng  a 2006021312 a9780567668844 a(OCoLC)ocm70258864 a(OCoLC)70258864z(OCoLC)85813666 aDLCcDLCdBAKERdBTCTAdGHSdGK8dYDXCPdLBB00aBS465b.M38 200600a220.12222bMCD1 aMcDonald, Lee Martin,d1942-14aThe formation of the Biblical canon /cLee Martin McDonald. aLondon :bBloomsbury,cc2017. a2v. ;c23 cm.0 av. 1. The Old Testament : its authority and canonicity, v.2. The New Testament : its authority and canonicity.00aBiblexCanon.1 aMcDonald, Lee Martin,d1942-